Report of study group on pricing, finance & marketing (Record no. 496879)

000 -LEADER
fixed length control field 00367cam a22001097a 4500
008 - FIXED-LENGTH DATA ELEMENTS--GENERAL INFORMATION
fixed length control field 180718b1977 xxu||||| |||| 00| 0 eng d
082 ## - DEWEY DECIMAL CLASSIFICATION NUMBER
Classification number T123x54 St32p
245 ## - TITLE STATEMENT
Title Report of study group on pricing, finance & marketing
Statement of responsibility, etc. by Steel Authority of India LTD
260 ## - PUBLICATION, DISTRIBUTION, ETC.
Place of publication, distribution, etc.
Name of publisher, distributor, etc. Steel Authority of India LTD
Date of publication, distribution, etc. 1977
300 ## - PHYSICAL DESCRIPTION
Extent 27p
700 ## - ADDED ENTRY--PERSONAL NAME
Personal name India. Steel Authority of India LTD
Holdings
Withdrawn status Lost status Damaged status Not for loan Permanent Location Current Location Date acquired Full call number Barcode Date last seen Price effective from Koha item type
        Indian Institute of Public Administration Indian Institute of Public Administration 2018-08-04 T123x54 St32p GG18561 2018-08-04 2018-08-04 GG

Powered by Koha